000 00623nam a2200217 i 4500
001 bg
100 1 _aBENDSØE, Martin Philip
245 1 0 _aOptimization of structural topolgy, shape, and material /
_cMartin P[hilip] Bendsøe.
260 _aBerlin :
_bSpringer Verl.,
_c1995.
300 _aXI, 271 s. :
_brys. ;
_c24 cm.
504 _aBibliogr. s. 237-260. Indeks.
650 9 _aOptymalizacja
_xstosowanie
650 9 _aKonstrukcje
_xbadanie
020 _a3540590579
040 _cBPK
041 0 _aen
080 _a519.8:62
920 _a3-540-59057-9
942 _cKS
008 s pl f |000 0 pol
999 _c30562
_d30562
856 _uhttp://koha.tu.koszalin.pl/cgi-bin/koha/opac-detail.pl?biblionumber=30562
_yKatalog online BPK